[Event "Ljubljana-chT 72nd Superliga"]
[Site "Ljubljana"]
[Date "2019.02.14"]
[Round "5.1"]
[White "Janzelj, Lara"]
[Black "Sivic, Klemen"]
[Result "1-0"]
[WhiteElo "2242"]
[BlackElo "2067"]
[PlyCount "131"]
[EventDate "2019.01.10"]
[EventType "team-tourn"]
[EventRounds "7"]
[EventCountry "SLO"]
[SourceTitle "EXT 2024"]
[Source "ChessBase"]
[SourceDate "2023.10.10"]
[SourceVersion "1"]
[SourceVersionDate "2023.10.10"]
[SourceQuality "1"]
[WhiteTeam "Ig"]
[BlackTeam "Trzin Buscotrade"]
[WhiteTeamCountry "SLO"]
[BlackTeamCountry "SLO"]

1. d4 d5 2. c4 c6 3. cxd5 cxd5 4. Bg5 Nc6 5. Nc3 Bf5 6. e3 Qd7 7. Nf3 f6 8. Bf4 g5 9. Bg3 e6 10. Bd3 Bxd3 11. Qxd3 Bb4 12. a3 Bxc3+ 13. bxc3 h5 14. h4 g4 15. Nd2 f5 16. Nb3 b6 17. 0-0 Nf6 18. c4 dxc4 19. Qxc4 Qd5 20. Qxd5 Nxd5 21. Rfc1 Kd7 22. Kf1 Rhc8 23. Ke2 Nce7 24. Kd3 Rxc1 25. Rxc1 Rc8 26. Rxc8 Nxc8 27. Be5 Kc6 28. f3 Nde7 29. e4 Ng6 30. fxg4 fxg4 31. Bg3 Nce7 32. a4 Ng8 33. Kc4 Nf6 34. d5+ Kd7 35. Kd4 exd5 36. exd5 Ne7 37. Bb8 a6 38. a5 Nfxd5 39. axb6 Nxb6 40. Ke4 Nbd5 41. Bg3 Kc6 42. Be1 Kb5 43. g3 Nb4 44. Bd2 Nec6 45. Kf5 Kc4 46. Na1 Nd4+ 47. Kg6 a5 48. Kxh5 a4 49. Kg6 Nb3 50. h5 Nxa1 51. h6 a3 52. h7 a2 53. h8Q Nac2 54. Bc3 Nd5 55. Bb2 Kb3 56. Kg5 Na3 57. Kxg4 Nc4 58. Ba1 Nde3+ 59. Kh5 Kc2 60. Qb8 Nd1 61. Qb4 Ncb2 62. Qe4+ Kc1 63. g4 Nc3 64. Qe1+ Ncd1 65. Bxb2+ Kxb2 66. Qxd1 1-0

[Event "Ljubljana-chT 71st"]
[Site "Ljubljana"]
[Date "2018.01.26"]
[Round "3.1"]
[White "Jelen, Igor"]
[Black "Sivic, Klemen"]
[Result "1/2-1/2"]
[WhiteElo "2374"]
[BlackElo "2062"]
[PlyCount "79"]
[EventDate "2018.01.11"]
[EventType "team-tourn"]
[EventRounds "9"]
[EventCountry "SLO"]
[SourceTitle "EXT 2020"]
[Source "ChessBase"]
[SourceDate "2019.10.17"]
[SourceVersion "1"]
[SourceVersionDate "2019.10.17"]
[SourceQuality "1"]
[WhiteTeam "Ig"]
[BlackTeam "Trzin Buscotrade"]
[WhiteTeamCountry "SLO"]
[BlackTeamCountry "SLO"]

1. d4 d5 2. c4 c6 3. Nf3 Nf6 4. e3 Bf5 5. Nc3 e6 6. Nh4 Bg6 7. Qb3 Qb6 8. Nxg6 hxg6 9. Qc2 Nbd7 10. Bd2 Qc7 11. g3 Bb4 12. Bd3 a6 13. 0-0-0 dxc4 14. Bxc4 b5 15. Be2 c5 16. Kb1 cxd4 17. exd4 Bxc3 18. Qxc3 Qxc3 19. Bxc3 Nd5 20. Ba5 N7b6 21. Rc1 Kd7 22. h4 Rac8 23. b3 Kd6 24. Bf3 Rxc1+ 25. Kxc1 Nd7 26. Kd2 Nb8 27. Rc1 Nc6 28. Bb6 Rc8 29. Bc5+ Kd7 30. Re1 Rb8 31. Rb1 Na5 32. Kd3 Nb7 33. Bxd5 exd5 34. Re1 Re8 35. Rxe8 Kxe8 36. g4 f6 37. Bb6 Kd7 38. Bc5 Ke6 39. Bf8 Kf7 40. Bc5 1/2-1/2

[Event "Ljubljana-chT 65th 2nd League"]
[Site "Ljubljana"]
[Date "2012.01.12"]
[Round "1.1"]
[White "Kobold, Andrej"]
[Black "Sivic, Klemen"]
[Result "0-1"]
[WhiteElo "1888"]
[BlackElo "2054"]
[PlyCount "92"]
[EventDate "2012.01.12"]
[EventType "team-tourn"]
[EventRounds "9"]
[EventCountry "SLO"]
[SourceTitle "EXT 2022"]
[Source "ChessBase"]
[SourceDate "2021.10.06"]
[SourceVersion "1"]
[SourceVersionDate "2021.10.06"]
[SourceQuality "1"]
[WhiteTeam "Menges Trzin"]
[BlackTeam "Borovnica"]
[WhiteTeamCountry "SLO"]
[BlackTeamCountry "SLO"]

1. e4 c5 2. Nf3 Nc6 3. d4 cxd4 4. Nxd4 Nf6 5. Nc3 e5 6. Ndb5 d6 7. Bg5 a6 8. Na3 b5 9. Nd5 Be7 10. Bxf6 Bxf6 11. c4 b4 12. Nc2 Rb8 13. b3 Bg5 14. Be2 0-0 15. Bg4 Be6 16. Nce3 g6 17. 0-0 f5 18. Bh3 Qd7 19. f4 exf4 20. exf5 fxe3 21. fxe6 Qa7 22. Kh1 Rxf1+ 23. Qxf1 Rf8 24. Qd3 Qd4 25. Qxd4 Nxd4 26. e7 Re8 27. Re1 Kf7 28. Bd7 Rxe7 29. Nxe7 Kxe7 30. Bg4 h5 31. Bd1 Ke6 32. g3 Ke5 33. Kg2 Ke4 34. Be2 Bf6 35. Kf1 Nf5 36. Rd1 Nd4 37. Re1 Be5 38. Kg2 Bg7 39. Kf1 Bf6 40. Kg2 h4 41. Bf1 hxg3 42. hxg3 Be5 43. Be2 g5 44. c5 Nxe2 45. Rxe2 Kd3 46. Kf3 g4+ 0-1

[Event "SLO-chT Central 2nd League"]
[Site "Slovenia"]
[Date "2011.10.27"]
[Round "5.1"]
[White "Sivic, Klemen"]
[Black "Copi, Ambroz"]
[Result "0-1"]
[WhiteElo "2082"]
[BlackElo "1683"]
[PlyCount "96"]
[EventDate "2011.09.08"]
[EventType "team-tourn"]
[EventRounds "7"]
[EventCountry "SLO"]
[SourceTitle "EXT 2022"]
[Source "ChessBase"]
[SourceDate "2021.10.06"]
[SourceVersion "1"]
[SourceVersionDate "2021.10.06"]
[SourceQuality "1"]

1. d4 Nf6 2. c4 e6 3. Nc3 Bb4 4. Qc2 b6 5. e4 Bb7 6. Bd3 d6 7. Nge2 Nbd7 8. 0-0 Bxc3 9. Nxc3 e5 10. d5 0-0 11. Ne2 Nc5 12. Ng3 Nxd3 13. Qxd3 Bc8 14. Bg5 h6 15. Bd2 Bd7 16. Bc3 Nh7 17. f4 exf4 18. Nh5 f6 19. Rxf4 Rf7 20. Qg3 Qe7 21. Raf1 Raf8 22. Qg6 Kh8 23. Rh4 Be8 24. Nf4 Qd7 25. Ne6 Rg8 26. Qg3 Qa4 27. Rg4 Qd7 28. Nd4 g5 29. Ne6 Rg6 30. h4 h5 31. Rxg5 Nxg5 32. Nxg5 Kg8 33. Rf5 fxg5 34. Rxg5 Rxg5 35. Qxg5+ Rg7 36. Bxg7 Qxg7 37. Qd8 Kf8 38. b4 Qe7 39. Qa8 Qxe4 40. Qxa7 Qe1+ 41. Kh2 Qxh4+ 42. Kg1 Qxc4 43. a4 Qxb4 44. Qxc7 Qc5+ 45. Qxc5 bxc5 46. a5 Bd7 47. a6 Bc8 48. a7 Bb7 0-1

[Event "SLO-chT Central 2nd League"]
[Site "Slovenia"]
[Date "2011.09.22"]
[Round "2.1"]
[White "Sivic, Klemen"]
[Black "Pridigar, Lovro"]
[Result "1-0"]
[WhiteElo "2082"]
[BlackElo "1505"]
[PlyCount "31"]
[EventDate "2011.09.08"]
[EventType "team-tourn"]
[EventRounds "7"]
[EventCountry "SLO"]
[SourceTitle "EXT 2022"]
[Source "ChessBase"]
[SourceDate "2021.10.06"]
[SourceVersion "1"]
[SourceVersionDate "2021.10.06"]
[SourceQuality "1"]

1. d4 Nf6 2. c4 c5 3. d5 e6 4. Nc3 Be7 5. e4 exd5 6. cxd5 0-0 7. e5 Ne8 8. d6 Bg5 9. f4 Bxf4 10. Bxf4 f6 11. Bc4+ Kh8 12. Nf3 Nc6 13. 0-0 a6 14. Nh4 b5 15. Bd5 b4 16. Qh5 1-0